1271 1519 1469 1924 1199 1688 1667 1105 1153 1708 1093 1089 1760 1299 1217 1958 1021 1128 1905 1102 1179 1838 1305 1738 1452 1017 1855 1807 1195 1602 1109 1902 1035 1621 1082 1044 1515 1108 1825 1279 1292 1822 1403 1763 1734 1011 1924 1974 1945 1899 1319 1288 1824 1655 1243 1926 1230 1682 1374 1232 1809 1952 1157 1691 1520 1128 1531 1673 1813 1004 1261 1591 1677 1125 1717 1159 1602 1258 1035 1862 1538 1393 1406 1425 1395 1274 1359 1148 1137 1086 1632 1380 1356 1994 1588 1947 1845 1196 1407 BCNSPRNW ULIB Ver.6.0+V

เปลี่ยนเป็นภาษาไทย

Change to English
 แสดงรายละเอียดบรรณานุกรม
  กลับหน้าหลัก

Brief Record : Get Marc (ISO 2709) : E-mail record : QR code < ปิดหน้าต่าง
LEADER : 00000nam 2200000uu 4500
001    13399128242
003     ULIB
008    220822s2564||||th 000 0 tha d
050    ^aPE101^bพ247ภ
100    ^aพรพรรณ โพธิสุวรรณ
245    ^aภาษาอังกฤษสำหรับการท่องเที่ยว
250    ^aพิมพ์ครั้งที่ 1
260    ^aนครสวรรค์ :^bคณะมนุษยศาสตร์และสังคมศาสตร์ มหาวิทยาลัยราชภัฎนครสวรรค์,^c2564
300    ^a94 หน้า;^c30 ซม.
650    ^aภาษาอังกฤษ--การท่องเที่ยว
945    ^p0^l0^i009347
999    ^aประนอม เกษจรัล
รายการนี้ยังไม่มีแท็ก
คุณยังไม่ได้ล็อกอิน คุณสามารถมีกิจกรรมร่วมกับเว็บไซต์ได้ แต่ต้องล็อกอินก่อน ::
  ล็อกอิน

รายการสื่อสารสนเทศ

ลำดับที่ ประเภท เลขเรียก/บาร์โค้ด สถานที่ สถานะ
1. การศึกษาทั่วไป
หนังสือสำรอง
สถานะ=หนังสือสำรอง
PE101 พ247ภ ฉ.1 
  Barcode: 009347
ห้องสมุดวิทยาเขตสวรรค์ประชารักษ์
►หนังสือทั่วไป
บนชั้น

BibComment


ยังไม่เคยถูกคอมเมนท์

คอมเมนท์ทรัพยากรรายการนี้
  คอมเมนท์: ภาษาอังกฤษสำหรับ..


 Copyright 2026. Bcnsprnw @Library